=LDR 00000nam 2200000 4500 =001 INLIS000000000055444 =005 20200428100231 =035 ##$$a 0010-0420000123 =008 200428################g##########0#ind## =041 ##$$a Ind =082 ##$$a 2x3.4 =090 ##$$a 2x3.01, Arr l =100 1#$$a Arroisi, Abdurrahman =245 1#$$a Lintas petaka di bumi sang Rasul /$c K.H. Abdurrahman Arroisi =260 ##$$a Bandung :$b Rosda,$c 1986 =300 ##$$a 195 hlm., ; $c 11 x 17 cm =084 ##$$a 2x3.4 ARR l =250 ##$$a cet.1 =600 #4$$a Nabi-Rasul =990 ##$$a 1199100065